Countries by Hints Quiz Stats

 Plays Quiz not verified by Sporcle

Score 0/25 Timer 09:00
0 Plays Today
Hint Answer % Correct
Washington DCUS
98.6%
GreenlandDenmark
95.8%
Olympics 2016Brazil
95.8%
2nd largest by populationIndia
95.8%
SardiniaItaly
95.8%
Largest by LandRussia
94.4%
Besides Russia, only country on two continentsTurkey
94.4%
Same PoultryTurkey
94.4%
Surrounded by South AfricaLesotho
93.1%
CaracasVenezuela
93.1%
In Rome, ItalyVatican City
91.7%
Continent tooAustralia
90.3%
Under France on the leftAndorra
90.3%
Hint Answer % Correct
Borders ColumbiaPanama
88.9%
Newest countrySouth Sudan
87.5%
Under France on the rightMonaco
87.5%
Unknown amount of islandsCanada
84.7%
CorsicaFrance
84.7%
QQatar
83.3%
Beside Qatar (Large)Saudi Arabia
83.3%
Beside Qatar (Small)Bahrain
79.2%
I'm hungry for that poultry+aHungary
62.5%
Chicken CityMexico
62.5%
Island and mainlandEquatorial Guinea
44.4%
Supposedly oldest settlement in the worldSan Marino
40.3%

You're not logged in!

Compare scores with friends on all Sporcle quizzes.
OR
Log In

Sporcle TV

Today on Sporcle TV


Watch our educational content, quiz creation guides, and fun videos on Sporcle TV.

Show Comments

Extras

Top Quizzes Today


Score Distribution

Your Account Isn't Verified!

In order to create a playlist on Sporcle, you need to verify the email address you used during registration. Go to your Sporcle Settings to finish the process.

Report this User

Report this user for behavior that violates our Community Guidelines.

Details: